[Event "Volga_2013"]
[Site "Ulyanovsk"]
[Date "2014.01.03"]
[Round "1"]
[White "Kharlampiev, Aleksander"]
[Black "Ulanov, Alexandr"]
[Result "0-1"]
[WhiteElo "1748"]
[BlackElo "2415"]
[PlyCount "56"]
[EventDate "2014.01.03"]
[EventRounds "9"]
[EventCountry "RUS"]

1. e4 Nc6 2. Nf3 d5 3. exd5 Qxd5 4. Nc3 Qa5 5. Be2 Bg4 6. O-O O-O-O 7. d3 e6 8.
Nd2 Bxe2 9. Qxe2 Nd4 10. Qd1 Nf6 11. Nc4 Qf5 12. Be3 Be7 13. h3 h5 14. Ne2 Nc6
15. Ng3 Qg6 16. Qf3 Nd5 17. Ne4 f5 18. Ned2 f4 19. Bxf4 Nd4 20. Qe4 Qxe4 21.
dxe4 Nxf4 22. Nf3 Nxf3+ 23. gxf3 Nxh3+ 24. Kh2 Ng5 25. f4 Nxe4 26. Rae1 Nd2 27.
Nxd2 Rxd2 28. Rxe6 Bd6 0-1

[Event "Volga_2013"]
[Site "Ulyanovsk"]
[Date "2014.01.03"]
[Round "1"]
[White "Mirzaev, Aziz"]
[Black "Abdurahmanov, Afer"]
[Result "1-0"]
[WhiteElo "2271"]
[BlackElo "1682"]
[PlyCount "35"]
[EventDate "2014.01.03"]
[EventRounds "9"]
[EventCountry "RUS"]

1. d4 d5 2. c4 dxc4 3. e4 b5 4. a4 c6 5. Nc3 b4 6. Na2 b3 7. Nc3 Ba6 8. Nf3 f6
9. Be3 Qa5 10. Nd2 Qb4 11. a5 Bb5 12. Bxc4 Bxc4 13. Ra4 Qb7 14. Rxc4 Nd7 15.
O-O e5 16. d5 cxd5 17. Nxd5 Rb8 18. a6 1-0

[Event "Volga_2013"]
[Site "Ulyanovsk"]
[Date "2014.01.03"]
[Round "1"]
[White "Schankin, Sergei"]
[Black "Yakimkin, Igor"]
[Result "1/2-1/2"]
[WhiteElo "1682"]
[BlackElo "2242"]
[PlyCount "109"]
[EventDate "2014.01.03"]
[EventRounds "9"]
[EventCountry "RUS"]

1. e4 c5 2. Nf3 Nc6 3. d4 cxd4 4. Nxd4 Nf6 5. Nc3 e5 6. Ndb5 d6 7. Bg5 a6 8.
Na3 b5 9. Nd5 Be7 10. Bxf6 Bxf6 11. Bd3 Ne7 12. O-O Nxd5 13. exd5 O-O 14. c3 g6
15. f4 exf4 16. Rxf4 Be5 17. Rf2 Qg5 18. Qd2 Qxd2 19. Rxd2 Bb7 20. Be2 f5 21.
Bf3 Rfe8 22. Nc2 Rac8 23. Nd4 Rc4 24. Rad1 b4 25. cxb4 Bf4 26. Rd3 Rxb4 27. b3
a5 28. Ne6 Be5 29. Rc1 Rb8 30. Rdd1 Ba6 31. Nc7 Bc8 32. Be2 a4 33. Bc4 f4 34.
Ne6 h6 35. Rc2 g5 36. h4 Bf6 37. hxg5 hxg5 38. g3 axb3 39. axb3 fxg3 40. Kg2
Bd7 41. Kxg3 Rc8 42. Rf2 Be5+ 43. Kg2 Bb5 44. Rf5 Bxc4 45. Rxg5+ Kf7 46. Rf5+
Ke7 47. bxc4 Rcxc4 48. Rf3 Rg4+ 49. Kf1 Rh4 50. Rd2 Rh1+ 51. Ke2 Rh2+ 52. Ke3
Rb3+ 53. Rd3 Rbb2 54. Nf4 Bxf4+ 55. Kxf4 1/2-1/2

[Event "Volga_2013"]
[Site "Ulyanovsk"]
[Date "2014.01.03"]
[Round "1"]
[White "Beldyugin, Alexey"]
[Black "Agapchev, Andrey"]
[Result "1-0"]
[WhiteElo "2111"]
[BlackElo "1678"]
[PlyCount "83"]
[EventDate "2014.01.03"]
[EventRounds "9"]
[EventCountry "RUS"]

1. Nf3 d5 2. c4 c6 3. e3 Nf6 4. d4 Bf5 5. Qb3 Qb6 6. Nc3 e6 7. c5 Qc7 8. Nh4
Bg6 9. g3 Be7 10. Bg2 Nbd7 11. Nxg6 hxg6 12. e4 b6 13. Bf4 Qd8 14. exd5 Nxd5
15. cxb6 Qxb6 16. Nxd5 exd5 17. O-O Qxb3 18. axb3 O-O 19. Bh3 Rfd8 20. Rfc1 Nf6
21. Rxc6 Ne4 22. Bc7 Rf8 23. Be5 Bf6 24. Ra5 Bxe5 25. dxe5 Ng5 26. Bg2 d4 27.
f4 Ne6 28. Rxe6 fxe6 29. Bxa8 Rxa8 30. Ra6 Kf7 31. Kf2 Rb8 32. Rxa7+ Kf8 33.
Ra3 Rb4 34. Kf3 Ke7 35. Ke4 Ke8 36. h4 Ke7 37. Kd3 Ke8 38. Kc2 Ke7 39. Ra7+ Kd8
40. Ra4 d3+ 41. Kc3 d2 42. Rxb4 1-0

[Event "Volga_2013"]
[Site "Ulyanovsk"]
[Date "2014.01.03"]
[Round "1"]
[White "Sinicin, Vladimir"]
[Black "Chesalkin, Vladimir"]
[Result "0-1"]
[WhiteElo "1675"]
[BlackElo "2057"]
[PlyCount "70"]
[EventDate "2014.01.03"]
[EventRounds "9"]
[EventCountry "RUS"]

1. d4 Nf6 2. c4 e6 3. Nc3 Bb4 4. a3 Bxc3+ 5. bxc3 c5 6. e3 O-O 7. Bd3 d6 8. Nf3
Nbd7 9. O-O e5 10. Qc2 Qe7 11. Ng5 h6 12. Ne4 Nxe4 13. Bxe4 Nb6 14. Bd3 Bd7 15.
a4 e4 16. Bxe4 Bxa4 17. Qb1 Bc6 18. d5 Bd7 19. Bd3 f5 20. f4 Qf6 21. Bd2 Bc8
22. Qc2 Nd7 23. Rae1 a5 24. e4 fxe4 25. Rxe4 Nb6 26. Rfe1 a4 27. Qb1 Ra6 28.
Re8 a3 29. Bg6 Bd7 30. Rxf8+ Qxf8 31. f5 a2 32. Qa1 Nxc4 33. Re2 Bxf5 34. Re8
Qxe8 35. Bxe8 Nxd2 0-1

[Event "Volga_2013"]
[Site "Ulyanovsk"]
[Date "2014.01.03"]
[Round "1"]
[White "Samborskiy, Vadim"]
[Black "Pegov, Valery"]
[Result "1-0"]
[WhiteElo "2049"]
[BlackElo "1674"]
[PlyCount "84"]
[EventDate "2014.01.03"]
[EventRounds "9"]
[EventCountry "RUS"]

1. e4 d6 2. d4 g6 3. f4 Bg7 4. Nf3 a6 5. Be3 Nf6 6. Bd3 b5 7. a4 b4 8. c4 c6 9.
a5 Qc7 10. Qa4 Nbd7 11. Qxb4 c5 12. Qa4 Ng4 13. Bg1 Rb8 14. Ra2 Rb4 15. Qa3 Qb8
16. Nbd2 O-O 17. h3 Ngf6 18. g4 cxd4 19. Nxd4 Nc5 20. Nc6 Qb7 21. Bxc5 dxc5 22.
Nxb4 cxb4 23. Qb3 Bd7 24. Rh2 Bc6 25. Re2 Nd7 26. Bc2 Nc5 27. Qe3 b3 28. Nxb3
Qb4+ 29. Kf1 Nd7 30. Nd2 Re8 31. e5 e6 32. Qa3 Qb8 33. Qd6 Qb7 34. Be4 Bxe4 35.
Nxe4 Kh8 36. c5 Bf8 37. c6 Bxd6 38. cxb7 Bb8 39. Rc2 Kg7 40. Rc8 Rf8 41. g5 h6
42. gxh6+ Kxh6 1-0

[Event "Volga_2013"]
[Site "Ulyanovsk"]
[Date "2014.01.03"]
[Round "1"]
[White "Logunova, Elizaveta"]
[Black "Chugunov, Vyacheslav"]
[Result "1-0"]
[WhiteElo "1642"]
[BlackElo "1952"]
[PlyCount "75"]
[EventDate "2014.01.03"]
[EventRounds "9"]
[EventCountry "RUS"]

1. d4 d5 2. c4 e6 3. Nc3 Nf6 4. Nf3 Be7 5. Bf4 c6 6. e3 Nbd7 7. c5 Ne4 8. Ne5
Ndf6 9. Bd3 O-O 10. Qc2 Nxc3 11. bxc3 Bd7 12. Rb1 b6 13. cxb6 axb6 14. Nxd7
Qxd7 15. Rxb6 c5 16. O-O c4 17. Be2 Qa7 18. Rb2 Ba3 19. Rb5 Ne4 20. f3 Nd6 21.
Rbb1 Qa5 22. e4 Nb5 23. Bd2 Bd6 24. Qc1 Rfb8 25. Ra1 Ba3 26. Qc2 Bd6 27. e5 Na3
28. Qc1 Bf8 29. f4 g6 30. g4 Rb7 31. f5 Rab8 32. Bh6 Rb2 33. Bxf8 Kxf8 34. fxe6
Kg8 35. exf7+ Kg7 36. Qg5 Qb6 37. Qe7 Rf8 38. e6 1-0

[Event "Volga_2013"]
[Site "Ulyanovsk"]
[Date "2014.01.03"]
[Round "1"]
[White "Dobrocmyslov, Artem"]
[Black "Peruhin, Anatoliy"]
[Result "1-0"]
[WhiteElo "1929"]
[BlackElo "1609"]
[PlyCount "77"]
[EventDate "2014.01.03"]
[EventRounds "9"]
[EventCountry "RUS"]

1. d4 Nf6 2. Nc3 e6 3. e4 Bb4 4. Bd3 Nc6 5. a3 Bxc3+ 6. bxc3 h6 7. f4 d6 8. Nf3
a6 9. a4 b6 10. O-O Bd7 11. Qe2 a5 12. Ba3 Ne7 13. Qf2 O-O 14. h3 Qe8 15. c4
Bxa4 16. e5 dxe5 17. fxe5 Nh7 18. Bxe7 Qxe7 19. Rxa4 g6 20. Qh4 Qxh4 21. Nxh4
Kg7 22. c3 Rfd8 23. Ra2 Rab8 24. Raf2 Rd7 25. Be4 Ng5 26. Bc6 Re7 27. Nf3 Nxf3+
28. Rxf3 Rf8 29. Kf2 f5 30. exf6+ Rxf6 31. Rxf6 Kxf6 32. Ke3+ Kg5 33. Ke4 h5
34. Ke5 h4 35. Rf6 a4 36. Bxa4 c5 37. Bc2 cxd4 38. Rxg6+ Kh5 39. Kf6 1-0

[Event "Volga_2013"]
[Site "Ulyanovsk"]
[Date "2014.01.03"]
[Round "1"]
[White "Frolova, Marina"]
[Black "Nikonova, Irina"]
[Result "1/2-1/2"]
[WhiteElo "1601"]
[BlackElo "1924"]
[PlyCount "81"]
[EventDate "2014.01.03"]
[EventRounds "9"]
[EventCountry "RUS"]

1. c4 Nf6 2. Nc3 e6 3. g3 d5 4. cxd5 exd5 5. d4 c6 6. Bg2 Bd6 7. Nf3 Qa5 8. Bd2
Qb6 9. b3 Bg4 10. e3 Ne4 11. Na4 Qc7 12. O-O O-O 13. Qc2 Nxd2 14. Qxd2 Qe7 15.
Ne1 Bb4 16. Qc2 Nd7 17. Nd3 Bf5 18. Qd1 Ba3 19. Qd2 a5 20. Nc3 Rfe8 21. h3 Nf6
22. Rfe1 Ne4 23. Qc2 f6 24. g4 Nxc3 25. Qxc3 Be4 26. Re2 Bxg2 27. Kxg2 Bd6 28.
Rae1 Qf7 29. f3 Qc7 30. Rf1 Re7 31. Qd2 Rae8 32. Nb2 Qd8 33. Nd1 Bc7 34. Nc3
Qd6 35. f4 Qb4 36. Nd1 Qa3 37. Rf3 Qd6 38. Kf2 Re6 39. Nc3 Qb4 40. Nd1 Qd6 41.
Nc3 1/2-1/2

[Event "Volga_2013"]
[Site "Ulyanovsk"]
[Date "2014.01.03"]
[Round "1"]
[White "Kolosov, Anatoly"]
[Black "Breskanu, Nikita"]
[Result "1/2-1/2"]
[WhiteElo "1918"]
[BlackElo "1585"]
[PlyCount "141"]
[EventDate "2014.01.03"]
[EventRounds "9"]
[EventCountry "RUS"]

1. e4 c6 2. d4 d5 3. exd5 cxd5 4. Nf3 Bg4 5. Be2 Bxf3 6. Bxf3 e6 7. O-O Nc6 8.
Re1 Nf6 9. c3 Bd6 10. Nd2 O-O 11. Nf1 b5 12. Bg5 h6 13. Bh4 Be7 14. Qe2 Qb6 15.
Ne3 Rfe8 16. Bg3 Nd8 17. a4 b4 18. Nc4 Qa6 19. Nd6 Qxe2 20. Rxe2 Bxd6 21. Bxd6
bxc3 22. bxc3 Rc8 23. Bc5 Nb7 24. Bxa7 Rxc3 25. h3 Ra8 26. Bb6 Nd7 27. Rb2 Rc6
28. Rab1 Rxa4 29. Be2 Nd6 30. Bd1 Ra8 31. Be2 Nc4 32. Bxc4 Rxc4 33. Kf1 Rc6 34.
Ke2 Nxb6 35. Rxb6 Ra2+ 36. R1b2 Rc2+ 37. Rxc2 Rxc2+ 38. Ke3 Kh7 39. Rb7 Kg6 40.
h4 Ra2 41. g4 Kf6 42. f3 Ra3+ 43. Ke2 Ra8 44. Ke3 Rf8 45. Kf4 g5+ 46. hxg5+
hxg5+ 47. Ke3 Kg6 48. Re7 Ra8 49. Ke2 Ra6 50. Re8 f5 51. gxf5+ exf5 52. Re5 Rd6
53. Kf2 f4 54. Kg2 Kh5 55. Kh3 Rc6 56. Rxd5 Rc3 57. Kg2 Kh4 58. Rc5 Rd3 59. Rc2
Rxd4 60. Rb2 Rd3 61. Ra2 g4 62. fxg4 Kxg4 63. Rb2 Rg3+ 64. Kf2 Rh3 65. Kf1 Kg3
66. Rg2+ Kf3 67. Rf2+ Kg4 68. Rg2+ Rg3 69. Rf2 Rb3 70. Rg2+ Kh3 71. Rg8 1/2-1/2

[Event "Volga_2013"]
[Site "Ulyanovsk"]
[Date "2014.01.03"]
[Round "1"]
[White "Privezentsev, Alexey S"]
[Black "Parshakov, Vladimir"]
[Result "1-0"]
[WhiteElo "1546"]
[BlackElo "1918"]
[PlyCount "64"]
[EventDate "2014.01.03"]
[EventRounds "9"]
[EventCountry "RUS"]

1. d4 Nf6 2. e3 e6 3. Bd3 c5 4. c3 Nc6 5. f4 d5 6. Nf3 c4 7. Bc2 Be7 8. O-O b5
9. a3 a5 10. Nbd2 Bb7 11. b3 cxb3 12. Bxb3 O-O 13. Ne5 Rc8 14. Bb2 Qb6 15. Ndf3
Ne4 16. Nd7 Qd8 17. Nxf8 Bxf8 18. Rc1 a4 19. Bc2 Na5 20. Bxe4 dxe4 21. Nd2 Bd5
22. f5 Qg5 23. fxe6 Qxe3+ 24. Rf2 Bxe6 25. Qe2 Qxe2 26. Rxe2 f5 27. g4 g6 28.
gxf5 gxf5 29. Rg2+ Kf7 30. Rf1 Ke7 31. Rg3 Bh6 32. Rg2 Kd6 1-0

[Event "Volga_2013"]
[Site "Ulyanovsk"]
[Date "2014.01.03"]
[Round "2"]
[White "Ulanov, Alexandr"]
[Black "Makarenko, Vladimir"]
[Result "1-0"]
[WhiteElo "2415"]
[BlackElo "1905"]
[PlyCount "47"]
[EventDate "2014.01.03"]
[EventRounds "9"]
[EventCountry "RUS"]

1. d4 f5 2. Bg5 Nf6 3. Bxf6 exf6 4. e3 d5 5. Bd3 Be6 6. Ne2 Nc6 7. Nf4 Qd7 8.
Qh5+ g6 9. Nxg6 hxg6 10. Qxh8 O-O-O 11. Qxf6 Be7 12. Qxg6 Rg8 13. Qh5 Rxg2 14.
Qf3 Rg4 15. h3 Rh4 16. Nc3 a6 17. O-O-O b5 18. Ne2 Kb7 19. Kb1 Bd6 20. c3 b4
21. c4 dxc4 22. d5 Ne5 23. dxe6+ Nxf3 24. exd7 1-0

[Event "Volga_2013"]
[Site "Ulyanovsk"]
[Date "2014.01.03"]
[Round "2"]
[White "Belokhlebov, Alexey"]
[Black "Mirzaev, Aziz"]
[Result "0-1"]
[WhiteElo "1893"]
[BlackElo "2271"]
[PlyCount "76"]
[EventDate "2014.01.03"]
[EventRounds "9"]
[EventCountry "RUS"]

1. d4 d5 2. Nf3 Nc6 3. Bf4 Bg4 4. e3 e6 5. h3 Bh5 6. Nbd2 Bd6 7. Bxd6 Qxd6 8.
a3 Nge7 9. Be2 O-O-O 10. O-O f6 11. c4 e5 12. cxd5 Nxd5 13. Qc2 Bg6 14. dxe5
fxe5 15. Qa4 Kb8 16. Rac1 Nb6 17. Qh4 Qf6 18. Qg3 e4 19. Nd4 Nxd4 20. Qxc7+ Ka8
21. exd4 Nd5 22. Qg3 Nf4 23. Rfe1 Rxd4 24. Qc3 Rdd8 25. Nc4 Qg5 26. Bf1 Rhf8
27. Nd6 Bf5 28. Nxf5 Qxf5 29. Qe3 Nd5 30. Qe2 Rde8 31. Rc5 Nf4 32. Qe3 Qf6 33.
Rec1 Kb8 34. Qg3 h6 35. Kh2 g5 36. Bb5 Re5 37. Rxe5 Qxe5 38. a4 Qxb2 0-1

[Event "Volga_2013"]
[Site "Ulyanovsk"]
[Date "2014.01.03"]
[Round "2"]
[White "Shukurov, Eldar"]
[Black "Beldyugin, Alexey"]
[Result "0-1"]
[WhiteElo "1797"]
[BlackElo "2111"]
[PlyCount "92"]
[EventDate "2014.01.03"]
[EventRounds "9"]
[EventCountry "RUS"]

1. d4 d6 2. e3 e5 3. dxe5 dxe5 4. Qxd8+ Kxd8 5. Bc4 f6 6. Nc3 c6 7. Bd2 Kc7 8.
a4 a5 9. Nge2 Nd7 10. Ne4 Nc5 11. Nxc5 Bxc5 12. c3 Ne7 13. b4 Bb6 14. e4 Ng6
15. f4 Nh4 16. Kf1 Rd8 17. Be1 Ng6 18. f5 Nf4 19. Nxf4 exf4 20. Ke2 Be3 21. b5
Bd7 22. Bd3 Be8 23. g4 Bf7 24. c4 Rd7 25. Bc3 Rad8 26. Rhd1 Rxd3 27. Rxd3 Bxc4
28. Rad1 cxb5 29. axb5 Kb6 30. e5 Bc5 31. exf6 gxf6 32. Bxf6 f3+ 33. Kxf3 Rxd3+
34. Rxd3 Bxd3 35. Bd8+ Kxb5 36. f6 a4 37. h4 a3 38. Be7 Bg6 39. Kf4 a2 40. h5
Bxe7 41. fxe7 Be8 42. Kg5 a1=Q 43. Kh6 Qf6+ 44. Kxh7 Qf7+ 45. Kh8 Qxe7 46. h6
Bg6 0-1

[Event "Volga_2013"]
[Site "Ulyanovsk"]
[Date "2014.01.03"]
[Round "2"]
[White "Chesalkin, Vladimir"]
[Black "Golubchikov, Alexey"]
[Result "1-0"]
[WhiteElo "2057"]
[BlackElo "1783"]
[PlyCount "81"]
[EventDate "2014.01.03"]
[EventRounds "9"]
[EventCountry "RUS"]

1. d4 Nf6 2. c4 e5 3. e3 exd4 4. exd4 Be7 5. Nf3 O-O 6. Be2 d5 7. O-O c6 8. Nc3
Bf5 9. Bf4 dxc4 10. Bxc4 Nbd7 11. Re1 Re8 12. Qb3 Bg6 13. Ng5 Nd5 14. Bxd5 Bxg5
15. Rxe8+ Qxe8 16. Bxg5 cxd5 17. Nxd5 Qe4 18. Ne7+ Kh8 19. Nxg6+ fxg6 20. Qe3
Re8 21. Re1 Qxe3 22. Rxe3 Rxe3 23. fxe3 Kg8 24. Kf2 Kf7 25. e4 h6 26. Bd2 Ke6
27. Kf3 g5 28. g4 b5 29. h3 g6 30. Ke3 Kd6 31. Bb4+ Ke6 32. d5+ Kf7 33. Kd4 h5
34. e5 Nb6 35. b3 Nc8 36. Bd2 hxg4 37. hxg4 a6 38. Bxg5 a5 39. e6+ Ke8 40. Kc5
a4 41. d6 1-0

[Event "Volga_2013"]
[Site "Ulyanovsk"]
[Date "2014.01.03"]
[Round "2"]
[White "Logunova, Elizaveta"]
[Black "Samborskiy, Vadim"]
[Result "0-1"]
[WhiteElo "1642"]
[BlackElo "2049"]
[PlyCount "102"]
[EventDate "2014.01.03"]
[EventRounds "9"]
[EventCountry "RUS"]

1. d4 d5 2. c4 dxc4 3. e4 e5 4. d5 Nf6 5. Nc3 c6 6. Bg5 Bb4 7. Bxc4 Bxc3+ 8.
bxc3 Qa5 9. Ne2 Nxe4 10. Be3 O-O 11. Qb3 cxd5 12. Bxd5 Nd6 13. O-O Nd7 14. Rfd1
Nf5 15. Bc1 Nc5 16. Qa3 Qc7 17. Rb1 Ne7 18. Be3 Nxd5 19. Qxc5 Qxc5 20. Bxc5 Rd8
21. c4 b6 22. Be7 Re8 23. Rxd5 Bf5 24. Rbb5 Rxe7 25. Ng3 Be6 26. Rxe5 Rd7 27.
Rb1 Bxc4 28. Rbe1 f6 29. R5e3 Bxa2 30. Ra3 Bc4 31. h3 b5 32. Rb1 a5 33. Ne4 a4
34. Nc3 Ra5 35. Rb4 Rd3 36. Nb1 Bb3 37. Kh2 Kf7 38. g3 Ke7 39. Rg4 g5 40. h4 h6
41. hxg5 hxg5 42. Re4+ Kd6 43. f4 Kd5 44. Re1 b4 45. Ra1 gxf4 46. gxf4 Kd4 47.
Re2 Rh5+ 48. Kg2 Bd5+ 49. Kf2 Rh2+ 50. Ke1 Rh1+ 51. Kf2 Rf3+ 0-1

[Event "Volga_2013"]
[Site "Ulyanovsk"]
[Date "2014.01.03"]
[Round "2"]
[White "Privezentsev, Alexey S"]
[Black "Dobrocmyslov, Artem"]
[Result "0-1"]
[WhiteElo "1546"]
[BlackElo "1929"]
[PlyCount "64"]
[EventDate "2014.01.03"]
[EventRounds "9"]
[EventCountry "RUS"]

1. d4 Nf6 2. e3 d5 3. Bd3 g6 4. f4 Bg7 5. Nf3 O-O 6. O-O b6 7. c3 c5 8. Bd2 Ba6
9. Be1 Qc8 10. Bh4 Nbd7 11. Qe2 Bxd3 12. Qxd3 Qc7 13. Ne5 Ne4 14. Nd2 Bf6 15.
Nxd7 Qxd7 16. Bxf6 Nxf6 17. Nf3 Ne4 18. Qe2 f6 19. Qe1 Nd6 20. Nh4 Nc4 21. Rf3
e5 22. b3 e4 23. Rh3 Nd6 24. Qg3 Rf7 25. Rf1 Raf8 26. f5 g5 27. Qg4 Rg7 28. Qh5
gxh4 29. Rxh4 Rg5 30. Rg4 Qg7 31. Rff4 Rxh5 32. Rxg7+ Kxg7 0-1

[Event "Volga_2013"]
[Site "Ulyanovsk"]
[Date "2014.01.03"]
[Round "2"]
[White "Yakimkin, Igor"]
[Black "Frolova, Marina"]
[Result "1-0"]
[WhiteElo "2242"]
[BlackElo "1601"]
[PlyCount "97"]
[EventDate "2014.01.03"]
[EventRounds "9"]
[EventCountry "RUS"]

1. e4 c5 2. Nf3 Nc6 3. Bb5 g6 4. O-O Bg7 5. c3 e6 6. d4 cxd4 7. cxd4 d5 8. exd5
exd5 9. Bg5 Nge7 10. Re1 Be6 11. Nc3 a6 12. Bxe7 Kxe7 13. Ba4 Rb8 14. Rc1 Qd6
15. Bb3 Kf8 16. h3 Bf6 17. Na4 Kg7 18. Nc5 Rhe8 19. Qd2 Re7 20. Nxe6+ fxe6 21.
Re2 Qb4 22. g4 Qxd2 23. Rxd2 h6 24. h4 Kh7 25. g5 Bg7 26. Kg2 Rf8 27. Ba4 Na5
28. Re1 Nc4 29. Rde2 Ref7 30. gxh6 Bxh6 31. Nh2 Bg7 32. f3 Bxd4 33. Rxe6 Bxb2
34. Bc2 Rf6 35. Ng4 Rxe6 36. Rxe6 Rg8 37. h5 Bg7 38. hxg6+ Kh8 39. f4 Na3 40.
Bd3 Nb5 41. f5 Nc7 42. Re7 Ne8 43. f6 Nxf6 44. Nxf6 Rd8 45. Nh5 Bc3 46. Bf5 Kg8
47. Be6+ Kf8 48. Rf7+ Ke8 49. g7 1-0

[Event "Volga_2013"]
[Site "Ulyanovsk"]
[Date "2014.01.03"]
[Round "2"]
[White "Nikonova, Irina"]
[Black "Schankin, Sergei"]
[Result "1/2-1/2"]
[WhiteElo "1924"]
[BlackElo "1682"]
[PlyCount "58"]
[EventDate "2014.01.03"]
[EventRounds "9"]
[EventCountry "RUS"]

1. e4 e5 2. Bc4 Nf6 3. d3 Be7 4. Nf3 Nc6 5. c3 O-O 6. O-O d6 7. Nbd2 Kh8 8. Re1
Nd7 9. d4 exd4 10. cxd4 Nb6 11. Be2 f5 12. Bd3 Bf6 13. Nb3 fxe4 14. Bxe4 Bg4
15. Be3 Qd7 16. d5 Ne5 17. Nxe5 Bxe5 18. f3 Bf5 19. Bd4 Rae8 20. Rc1 Re7 21.
Bc3 Na4 22. Nd4 Nxc3 23. Rxc3 Bxe4 24. fxe4 Bxd4+ 25. Qxd4 Ref7 26. Qxa7 Qb5
27. Rf3 Rxf3 28. gxf3 Qxb2 29. Qf2 Qe5 1/2-1/2

[Event "Volga_2013"]
[Site "Ulyanovsk"]
[Date "2014.01.03"]
[Round "2"]
[White "Breskanu, Nikita"]
[Black "Terentiev, Alexander"]
[Result "0-1"]
[WhiteElo "1585"]
[BlackElo "1854"]
[PlyCount "62"]
[EventDate "2014.01.03"]
[EventRounds "9"]
[EventCountry "RUS"]

1. d4 d5 2. Nf3 Nf6 3. Bf4 Nh5 4. Bg3 g6 5. e3 Bg7 6. c4 e6 7. Nc3 c6 8. Be5
Bxe5 9. Nxe5 Nd7 10. Nxd7 Bxd7 11. Be2 Nf6 12. O-O Qc7 13. Rc1 O-O 14. Bf3 dxc4
15. Ne4 Nxe4 16. Bxe4 b5 17. Bb1 a5 18. Qd2 Bc8 19. a4 Ba6 20. e4 b4 21. Rfe1
Rfd8 22. Qe3 Qb6 23. Rcd1 Rd7 24. Rd2 Rad8 25. Red1 e5 26. Qh6 Rxd4 27. Rxd4
Rxd4 28. Rxd4 Qxd4 29. Bc2 b3 30. Qc1 bxc2 31. Qxc2 Qd3 0-1

[Event "Volga_2013"]
[Site "Ulyanovsk"]
[Date "2014.01.03"]
[Round "2"]
[White "Chugunov, Vyacheslav"]
[Black "Pegov, Valery"]
[Result "1-0"]
[WhiteElo "1952"]
[BlackElo "1674"]
[PlyCount "111"]
[EventDate "2014.01.03"]
[EventRounds "9"]
[EventCountry "RUS"]

1. e4 d6 2. d4 g6 3. Nf3 Bg7 4. Nbd2 Nf6 5. Bd3 Nc6 6. c3 a6 7. O-O b5 8. Re1
O-O 9. Nf1 Bd7 10. Ne3 e5 11. d5 Na7 12. c4 bxc4 13. Nxc4 Re8 14. Be3 Ng4 15.
Bg5 Qb8 16. h3 Nf6 17. Qd2 Nb5 18. Be3 c5 19. dxc6 Bxc6 20. a4 Na7 21. Nb6 d5
22. exd5 Bxd5 23. Be2 Qb7 24. Nxa8 Rxa8 25. Bxa7 Rxa7 26. Red1 Ra8 27. Ne1 Qb6
28. Bf3 e4 29. Be2 Rb8 30. b4 Re8 31. Qe3 Qe6 32. b5 axb5 33. Bxb5 Rb8 34. Rac1
h5 35. Nc2 Kh7 36. Nd4 Qe5 37. Nf3 Qe7 38. Ng5+ Kg8 39. Qf4 Qa7 40. Rc7 Qb6 41.
Rxd5 e3 42. Rdc5 exf2+ 43. Qxf2 Rd8 44. Rc8 Bf8 45. Rxd8 Qxd8 46. Rc1 Kg7 47.
Bc4 Qc7 48. Kh1 Bc5 49. Qb2 Qf4 50. Nf3 Kg8 51. Bd3 Qd6 52. Rxc5 Qxc5 53. Qxf6
Qc7 54. Ne5 Qc1+ 55. Kh2 Qc7 56. Qxf7+ 1-0

[Event "Volga_2013"]
[Site "Ulyanovsk"]
[Date "2014.01.03"]
[Round "2"]
[White "Parshakov, Vladimir"]
[Black "Peruhin, Anatoliy"]
[Result "1-0"]
[WhiteElo "1918"]
[BlackElo "1609"]
[PlyCount "63"]
[EventDate "2014.01.03"]
[EventRounds "9"]
[EventCountry "RUS"]

1. e4 g6 2. d4 Bg7 3. c4 d6 4. Nc3 e5 5. Be3 Ne7 6. Be2 O-O 7. Nf3 Nd7 8. O-O
a6 9. Qd2 exd4 10. Bxd4 Nc6 11. Bxg7 Kxg7 12. Rad1 f6 13. Nd5 Ne7 14. b4 Nxd5
15. cxd5 b6 16. Qc3 Rf7 17. Ng5 Re7 18. Ne6+ Rxe6 19. dxe6 Nf8 20. f4 Bxe6 21.
e5 fxe5 22. fxe5 d5 23. Rf6 Qd7 24. Rc1 Ra7 25. Rcf1 Ra8 26. Qf3 Qe7 27. Bxa6
Nd7 28. Bb7 Re8 29. Qf4 Kg8 30. Bc6 Nxf6 31. exf6 Qd8 32. f7+ 1-0

[Event "Volga_2013"]
[Site "Ulyanovsk"]
[Date "2014.01.04"]
[Round "3"]
[White "Samborskiy, Vadim"]
[Black "Ulanov, Alexandr"]
[Result "0-1"]
[WhiteElo "2049"]
[BlackElo "2415"]
[PlyCount "80"]
[EventDate "2014.01.03"]
[EventRounds "9"]
[EventCountry "RUS"]

1. e4 Nf6 2. e5 Nd5 3. d4 d6 4. exd6 cxd6 5. c4 Nb6 6. Nc3 Nc6 7. h3 Bf5 8. a3
e5 9. Nf3 Be7 10. Be3 O-O 11. d5 Nb8 12. Bd3 Bxd3 13. Qxd3 f5 14. Qe2 N8d7 15.
O-O Rc8 16. b3 Nc5 17. Bxc5 Rxc5 18. Ne1 Rc8 19. Rb1 Nd7 20. Nd3 a6 21. Rfc1
Bf6 22. Na4 Bg5 23. Rc2 Qf6 24. f4 Bxf4 25. Nxf4 exf4 26. Qf2 g5 27. Nb6 Nxb6
28. Qxb6 Qe7 29. b4 Rfd8 30. Kf1 Qe4 31. Rbc1 f3 32. Rf2 fxg2+ 33. Kg1 Rd7 34.
Rxg2 g4 35. hxg4 fxg4 36. Rgc2 Rf8 37. Rg2 Rdf7 38. Rd1 Qf3 39. Qd4 Rf4 40. Qd2
Rxc4 0-1

[Event "Volga_2013"]
[Site "Ulyanovsk"]
[Date "2014.01.04"]
[Round "3"]
[White "Mirzaev, Aziz"]
[Black "Chesalkin, Vladimir"]
[Result "0-1"]
[WhiteElo "2271"]
[BlackElo "2057"]
[PlyCount "126"]
[EventDate "2014.01.03"]
[EventRounds "9"]
[EventCountry "RUS"]

1. e4 c5 2. c3 Nf6 3. e5 Nd5 4. Bc4 Nb6 5. Bb3 Nc6 6. Nf3 d6 7. Qe2 e6 8. O-O
dxe5 9. Nxe5 Nxe5 10. Qxe5 Qd6 11. d4 Qxe5 12. dxe5 Bd7 13. a4 Bc6 14. a5 Nd5
15. Na3 Be7 16. f4 g6 17. Nc4 Rd8 18. Rd1 O-O 19. Nd6 Bxd6 20. exd6 Rd7 21. f5
gxf5 22. Bh6 Re8 23. Rd3 Kh8 24. Re1 Rg8 25. g3 Rg6 26. Bd2 h5 27. h4 Kh7 28.
Re5 b6 29. axb6 axb6 30. Re1 b5 31. Bxd5 Bxd5 32. Bf4 Be4 33. Rd2 f6 34. Kf2 e5
35. Be3 c4 36. Bc5 Bc6 37. Rg1 Rdg7 38. Rdd1 Kg8 39. Ra1 Kf7 40. Ra6 Bd7 41.
Raa1 Ke6 42. Rad1 Rg4 43. Kf3 Bc6+ 44. Kf2 f4 45. gxf4 Rxf4+ 46. Ke3 Rfg4 47.
Ke2 f5 48. Ra1 Rxg1 49. Bxg1 Kxd6 50. Rd1+ Bd5 51. Kf1 Ke6 52. Ra1 Be4 53. Ra6+
Kd5 54. Ba7 Bd3+ 55. Kf2 Rg4 56. Bb8 Rxh4 57. Rd6+ Kc5 58. b4+ cxb3 59. Rxd3
Rh2+ 60. Kg3 b2 61. Rd1 Rc2 62. Rb1 Kc4 63. Bxe5 Kb3 0-1

[Event "Volga_2013"]
[Site "Ulyanovsk"]
[Date "2014.01.04"]
[Round "3"]
[White "Beldyugin, Alexey"]
[Black "Dobrocmyslov, Artem"]
[Result "0-1"]
[WhiteElo "2111"]
[BlackElo "1929"]
[PlyCount "162"]
[EventDate "2014.01.03"]
[EventRounds "9"]
[EventCountry "RUS"]

1. c4 e5 2. g3 Nc6 3. Bg2 d6 4. Nf3 g6 5. d4 Qe7 6. dxe5 Nxe5 7. Nc3 c6 8. b3
Bg7 9. Bb2 Nh6 10. O-O f5 11. Qd2 O-O 12. Ng5 Nhf7 13. Nxf7 Rxf7 14. Rad1 Bf8
15. Ba3 Rf6 16. f4 Nf7 17. e4 Qc7 18. Rfe1 Re6 19. Bh3 Qa5 20. Bb2 Bg7 21. Re2
Re8 22. Bg2 Qb6+ 23. Kf1 fxe4 24. Rxe4 Bf5 25. Rxe8+ Rxe8 26. Re1 Rxe1+ 27.
Kxe1 Qg1+ 28. Bf1 Bh3 29. Qf2 Qh1 30. Ke2 Bxf1+ 31. Qxf1 Qxh2+ 32. Qf2 Qxf2+
33. Kxf2 Nh6 34. Nd1 Bxb2 35. Nxb2 Kf7 36. Kf3 Ke6 37. Nd3 Nf7 38. Ke4 h5 39.
Ne1 Nh6 40. Nf3 Nf5 41. Ng5+ Kf6 42. Kf3 Nd4+ 43. Ke3 Nf5+ 44. Kf3 Nd4+ 45. Ke3
Nc2+ 46. Kd2 Nb4 47. a3 Na6 48. Ke3 Nc5 49. b4 Nd7 50. Ke4 Nf8 51. Nh3 Ne6 52.
Nf2 g5 53. Nh3 gxf4 54. gxf4 Nc7 55. Ng5 d5+ 56. cxd5 cxd5+ 57. Ke3 Ne6 58. Nf3
Kf5 59. Nh4+ Kg4 60. Ng6 d4+ 61. Ke4 h4 62. Nxh4 Kxh4 63. f5 Nf8 64. Kxd4 Kg5
65. Ke5 Nd7+ 66. Kd6 Nf6 67. Kc7 b5 68. Kc6 a6 69. Kb6 Ne4 70. Kxa6 Nc3 71. Kb6
Kxf5 72. Kc5 Ke4 73. a4 bxa4 74. Kc4 Nb5 75. Kxb5 a3 76. Kc6 a2 77. b5 a1=Q 78.
b6 Qe5 79. Kb7 Kd5 80. Ka7 Kc6 81. b7 Qc7 0-1